Identifying plastics by their chemical structure - Statistics

General Stats
  • This quiz has been taken 3 times
  • The average score is 7 of 16
Answer Stats
Picture Answer % Correct
Polytetrafluoroethylene / Teflon (PTFE)
100%
Polyvinyl chloride (PVC)
100%
Polyethylene terephthalate (PET)
67%
Polystyrene (PS)
67%
Polyamide 66 / Nylon 66 (PA66)
33%
Polybutylene terephthalate (PBT)
33%
Polycaprolactam / Nylon 6 (PA6)
33%
Polydimethylsiloxane (PDMS)
33%
Polyethylene (PE)
33%
Polyisoprene (IR)
33%
Polylactic acid (PLA)
33%
Poly(methyl methacrylate) (PMMA)
33%
Polypropylene (PP)
33%
Polyvinyl acetate (PVA/PVAC)
33%
Polyvinyl alcohol (PVOH/PVAL)
33%
Polyvinylidene fluoride (PVDF)
33%
No matching quizzes found
Score Distribution
Percent of People with Each Score
Percentile by Number Answered
Your Score History
You have not taken this quiz